00865 2200313 4500001002100000005001500021035002500036020002200061040001200083041000800095082001400103084001400117090001800131090002200149100003400171245010700205250001100312260003400323300002200357504002500379650001300404650001400417700002300431700001900454850001200473999002200485990002200507990002200529INLIS00000000003397320191021014926 a0010-021800000000699 a978-979-21-5456-6 aYOPDYOG0 aind042[23]a100 a100 Tum P aDEP 100 Tum P aCB-D.11 2017-14703 aTumanggor, Raja Oloan,d1967-1 aPengantar filsafat untuk psikologi /cRaja Oloan Tumanggor, Carolus Sudaryanto; editor, Ganjar Sudibyo aCet. 1 aYogyakarta :bKanisius,c2017 a344 hlm. ;c25 cm aTermasuk bibliografi 4aFilsafat 4aPsikologi0 aCAROLUS SUDARYANTO0 aGANJAR SUDIBYO aYOPDYOG aCB-D.11/2017-1470 aCB-D.11/2017-1470 aCB-D.11/2017-1470